00327cam a2200121ua 4500041001000000082001600010100002500026245007200051260004100123300001200164504000500176700002400181 aengh a636bMIL/PR aMiller, William C . aPractical animal husbandry / cWilliam C Miller.hTextual Documents aLondon : bOliver and boyd , c1952. a607 ; . a1 aRobertson, E D S .